000 00741nam a2200277Ia 4500
001 Para_41
003 CHAP
008 220125s1999 xx 000 0 und d
010 _a198614
040 _cCHAP
090 _aPA FOLLETO 44
100 _aFisher C., Alberto
_9163894
245 _aAlgunos aspectos de la competencia malezas-cultivo /
_c por Alberto Fischer C
260 _as.l. :
_b s.n.
300 _a1 v.
410 _apaginación varia
650 _aCultivos
_xPlagas
_930305
650 _aMalas hierbas
_xCompetencia
_970009
901 _aPA FOLLETO 44
902 _aA
905 _a000005-19- sl I 0000000000 00
910 _a-19-
942 _cPARA
942 _cPARA
_d1
999 _c198614
_d198614